Schönes Danzig, deutsches Land

Titel: Schönes Danzig, deutsches Land / [Text: Martin Damß. Bilder und Buchschmuck: Max Buchholz. Hrsg. vom Landesverkehrsverband für das Gebiet der Freien Stadt Danzig]
Verfasser:
Beteiligt:
Körperschaft:
Veröffentlicht: Danzig : Danziger Verl.-Ges., [1936]
Umfang: [14] Bl. : Ill.
Format: Buch
Sprache: Deutsch
RVK-Notation:
Kein Bild verfügbar
X
Lokale Klassifikation: 7 2 A ; 7 2 B
alg: 12407394
001A    $03004:13-10-04 
001B    $01999:09-06-23 $t19:26:56.000 
001C    $06002:06-03-06 $t20:56:13.000 
001D    $03004:13-10-04 
001U    $0utf8 
001X    $00 
002@    $0Aau 
003@    $0124073948 
003O    $0253306213 $aOCoLC 
007A    $0124073948 $aHEB 
007T    $0Herdhh124073948 
010@    $ager 
011@    $a1936 $n[1936] 
021A    $aSchönes Danzig, deutsches Land $h[Text: Martin Damß. Bilder und Buchschmuck: Max Buchholz. Hrsg. vom Landesverkehrsverband für das Gebiet der Freien Stadt Danzig] 
028A    $RNeumann-Damß, Charlotte $RDamß, Dirk M. $#Damss, Martin $7116020814 $8Damß, Martin$Z1910-1962 [Tp1] $9150039387 
028C    $7 $8Buchholz, Max [Tnd] $9158188047 
029F    $75526468-2 $8Landesverkehrsverband$gDanzig [Tb1] $9101026870 
033A    $pDanzig $nDanziger Verl.-Ges. 
034D    $a[14] Bl. 
034M    $aIll. 
045F    $a910.94382 $eDDC23BSB 
045F/01 $a910 
045F/03 $g4382 
045G    $a911.4382 $eDDC23BSB 
045G/01 $a911 
045G/03 $g4382 
045G/03 $g43832 
045Z    $8RI 40015 [Tkv] $941152352X 
046L    $aIn Fraktur. 

lok: 12407394 24
101B    $013-10-04 $t12:16:39.000 
101C    $013-10-04 
145Z/01 $a7 2 A 
145Z/02 $a7 2 B 
101U    $0utf8 

exp: 12407394 24 1 #EPN
201B/01 $013-10-04 $t12:16:39.000 
201C/01 $013-10-04 
203@/01 $0220548501 
208@/01 $a13-10-04 $br 
209A/01 $a7 II B 19 $du $f050 $h7 2 B 19 $x00 
209C/01 $a1616 K 51 $h51 1616 K 
209G/01 $a70743248 $x00 
220C/01 $agro 
247C/01 $8358050-7 Marburg, Bibliothek des Herder-Instituts Marburg $9102600961 
201U/01 $0utf8 

lok: 12407394 78

exp: 12407394 78 1 #EPN
201B/01 $026-11-17 $t04:59:11.000 
201U/01 $0utf8 
203@/01 $079371365X 
208@/01 $a12-11-16 $be 
209A/01 $a/ $f000 $x00 
237A/01 $aIn Fraktur. - weiterführende Signatur(en): Herder-Institut: 7 II B 19 
244Z/01 $2Trx $#Prusy Wschodnie i Zachodnie $8--Trx--Ost- und Westpreußen $x01 $939113373X 
244Z/01 $#Danzig $#Ville Libre de Danzig $#Dantzig $#Ville Libre de Dantzig $#Freistaat Danzig $#Gdańsk $#Freie Stadt Danzig $#Urząd Miejski w Gdańsku $#Gyddanzyc $#Gedanum $#Dantiscum $74011039-4 $8--Tg1--Danzig $x02 $9085022225 
244Z/01 $2Trx $8--Trx--Monographie $x03 $9391384546 
245Z/01 $a02 $x01 
247C/01 $82080>Marburg/Lahn, Herder-Institut, Forschungsbibliothek, Bibliographieportal $9336309341
LEADER 00000cam a2200000 c 4500
001 124073948
003 DE-603
005 20230609192656.0
007 tu
008 041013s1936 xx |||| | u00||u|ger c
035 |a (DE-599)HEB124073948 
035 |a (OCoLC)253306213 
040 |a DE-603  |b ger  |c DE-603  |d DE-603 
041 |a ger 
082 0 4 |8 1\u  |a 910.94382  |q DE-101  |2 23/BSB 
083 0 |8 2\u  |a 911.4382  |q DE-101  |2 23/BSB 
084 |a RI 40015  |0 (DE-625)142337:12585  |0 (DE-603)41152352X  |2 rvk 
085 |8 1\u  |b 910 
085 |8 1\u  |z 2  |s 4382 
085 |8 2\u  |b 911 
085 |8 2\u  |z 2  |s 4382 
085 |8 2\u  |z 2  |s 43832 
100 1 |a Damß, Martin  |d 1910-1962  |0 (DE-603)150039387  |0 (DE-588)116020814  |2 gnd 
245 0 0 |a Schönes Danzig, deutsches Land  |c [Text: Martin Damß. Bilder und Buchschmuck: Max Buchholz. Hrsg. vom Landesverkehrsverband für das Gebiet der Freien Stadt Danzig] 
264 1 |a Danzig  |b Danziger Verl.-Ges.  |c [1936] 
300 |a [14] Bl.  |b Ill. 
546 |a In Fraktur. 
700 1 |a Buchholz, Max  |0 (DE-603)158188047 
710 2 |a Landesverkehrsverband  |g Danzig  |0 (DE-603)101026870  |0 (DE-588)5526468-2  |2 gnd 
924 0 |9 Mb 50  |a (DE-603)220548501  |b DE-Mb50  |c HES  |d c  |g 7 II B 19 
924 0 |9 2080  |a (DE-603)79371365X  |b DE-2080  |c HES  |d d  |g /